CRC Handbook of tables for order statistics from inverse Gaussion distributins with applications. (Record no. 758374)

MARC details
000 -LEADER
fixed length control field 00663nam a2200217Ia 4500
003 - CONTROL NUMBER IDENTIFIER
control field OSt
005 - DATE AND TIME OF LATEST TRANSACTION
control field 20240829142220.0
008 - FIXED-LENGTH DATA ELEMENTS--GENERAL INFORMATION
fixed length control field 220927b |||||||| |||| 00| 0 eng d
020 ## - INTERNATIONAL STANDARD BOOK NUMBER
International Standard Book Number 9780849331183
037 ## - SOURCE OF ACQUISITION
Terms of availability Textual
040 ## - CATALOGING SOURCE
Original cataloging agency SDCL
Transcribing agency SDCL
Language of cataloging eng
041 ## - LANGUAGE CODE
Source of code eng
Language code of text/sound track or separate title eng
100 ## - MAIN ENTRY--PERSONAL NAME
Personal name Balakrishanan, N
9 (RLIN) 443222
245 #0 - TITLE STATEMENT
Title CRC Handbook of tables for order statistics from inverse Gaussion distributins with applications.
260 ## - PUBLICATION, DISTRIBUTION, ETC.
Place of publication, distribution, etc. Boca Raton
Name of publisher, distributor, etc. CRC Press
Date of publication, distribution, etc. 1997
300 ## - PHYSICAL DESCRIPTION
Extent x,686p.
Dimensions cm.
942 ## - ADDED ENTRY ELEMENTS (KOHA)
Classification part B28g N7 RR
Koha item type Reference
Source of classification or shelving scheme Colon Classification (CC)
Holdings
Withdrawn status Lost status Source of classification or shelving scheme Damaged status Not for loan Home library Current library Date acquired Total Checkouts Full call number Barcode Date last seen Price effective from Koha item type
    Colon Classification (CC)     South Campus Library South Campus Library 2022-09-28   B28g N7 RR SC1240122 2022-09-28 2022-09-28 Reference
Copyright @ Delhi University Library System